| 000 | 01088cam a2200313 i 4500 | ||
|---|---|---|---|
| 001 | 15303466 | ||
| 003 | EG-ScBUE | ||
| 005 | 20241022090621.0 | ||
| 008 | 080522t2008 nyua f b 001 0 eng d | ||
| 020 | _a9780071549202 (alk. paper) | ||
| 020 | _a007154920X (alk. paper) | ||
| 035 | _a(OCoLC)184828000 | ||
| 035 | _a(OCoLC)ocn184828000 | ||
| 040 |
_aDLC _beng _erda _cDLC _dBTCTA _dBAKER _dYDXCP _dC#P _dBWX _dDLC _dEG-ScBUE |
||
| 082 | 0 | 4 |
_a515.9 _222 _bMCM |
| 100 | 1 |
_aMcMahon, David, _eauthor. _93541 |
|
| 245 | 1 | 0 |
_aComplex variables demystified / _cDavid McMahon. |
| 264 | 1 |
_aNew York : _bMcGraw-Hill, _c[2008] |
|
| 264 | 4 | _cc2008 | |
| 300 |
_axii, 275 pages : _billustrations ; _c24 cm |
||
| 336 |
_2rdacontent _atext _btxt |
||
| 337 |
_aunmediated _2rdamedia _bn |
||
| 338 |
_avolume _bnc _2rdacarrier |
||
| 504 | _aIncludes bibliographical references and index. | ||
| 650 | 7 |
_aFunctions of complex variables. _2BUEsh _93542 |
|
| 655 | _vReading book | ||
| 942 |
_2ddc _cBB |
||
| 999 |
_c11267 _d11267 |
||